| 000 | 01828nam0a2200373 4500 | ||
|---|---|---|---|
| 001 | RU\NLR\bibl\1663258 | ||
| 005 | 20260406132642.0 | ||
| 010 |
_a978-5-901415-51-1 _9500 |
||
| 021 |
_aRU _b2010-50948 _93363 |
||
| 035 | _a(NLR Aleph) 001654540 | ||
| 090 |
_a942927 _c942927 |
||
| 100 | _a20100812d2010 |||y0rusy50 ca | ||
| 101 | 0 | _arus | |
| 102 | _aRU | ||
| 105 | _ac ||||||||| | ||
| 200 | 1 |
_a"И показал мне чистую реку воды жизни" _eоткровение святого Иоанна 22:1 _fОмраам Микаэль Айванхов |
|
| 210 |
_aМосква _cПросвета _d2010 |
||
| 215 |
_a597 с., [1] л. цв. портр. _d22 |
||
| 300 | _aНа обороте тит. л.: Собрание сочинений в 3 томах: 1. "Вы боги", 2. "Ищите Царства Божия и правды Его", 3. "И показал мне чистую реку воды жизни" | ||
| 300 | _aЗагл. ориг.: Et il me montra un fleuve d'eau de la vie | ||
| 320 | _aБиблиогр. в примеч. в конце разд. | ||
| 454 | 0 |
_12001#$aEt il me montra un fleuve d'eau de la vie _tEt il me montra un fleuve d'eau de la vie |
|
| 488 | 0 |
_12001#$a"Вы боги" _t"Вы боги" |
|
| 488 | 0 |
_12001#$a"Ищите Царства Божия и правды Его" _t"Ищите Царства Божия и правды Его" |
|
| 601 | 0 | 2 |
_aВсемирное Белое Братство _92079262 _3RU\NLR\AUTH\661255139 |
| 686 | _aЭ378.151.18 | ||
| 700 | 1 |
_4070 _8rus _7ca _aАйванхов _bО. М. _f1900-1986 _gОмраам Микаэль _3RU\NLR\auth\771946 _9111963 |
|
| 801 | 0 |
_aRU _bNLR _c20100812 _gRCR |
|
| 801 | 1 |
_aRU _bNLR _c20100812 |
|
| 942 | _cBOOK | ||
| 980 | _aNB | ||